000 00388nam a22001697a 4500
003 MPLRDC
005 20220104163948.0
008 210129b ||||| |||| 00| 0 eng d
020 _a0-553-23283-5
082 _a870.57 VERa-2
100 _aROSEMARY VERNON
245 _aDEAR AMANDA
_c
260 _a
_bBANTAM BOOKS
_c1983
300 _b
650 _a
942 _cBK
_o870.57 VERa-2
999 _c56725
_d56715